[Event "Roquetas de Mar op 24th"]
[Site "Roquetas de Mar"]
[Date "2013.01.06"]
[Round "8"]
[White "Cuenca Jimenez, Jose Fernando"]
[Black "Fernandez Siles, Luis"]
[Result "1-0"]
[WhiteElo "2479"]
[BlackElo "2284"]
[PlyCount "49"]
[EventDate "2013.01.02"]
[EventType "swiss"]
[EventRounds "9"]
[EventCountry "ESP"]
[SourceTitle "CBM 152 Extra"]
[Source "ChessBase"]
[SourceDate "2013.02.25"]
[SourceVersion "1"]
[SourceVersionDate "2013.02.25"]
[SourceQuality "1"]

1. Nf3 Nf6 2. c4 g6 3. g3 Bg7 4. Bg2 O-O 5. O-O d6 6. d4 c6 7. Nc3 Qa5 8. h3 e5
9. d5 cxd5 10. cxd5 b5 11. Nd2 b4 12. Nce4 Nxe4 13. Nxe4 Qd8 14. Qa4 a5 15. a3
Ra6 16. Bd2 bxa3 17. Qxa3 f5 18. Ng5 Qe7 19. Qb3 Bd7 20. Ne6 Bxe6 21. dxe6 e4
22. Bg5 Qe8 23. Rac1 Nc6 24. e7+ Rf7 25. Qb7 1-0

[Event "Capablanca Memorial op-A 48th"]
[Site "Havana"]
[Date "2013.04.21"]
[Round "1"]
[White "Cuenca Jimenez, Jose Fernando"]
[Black "Fuentes Dominguez, Felix"]
[Result "1-0"]
[WhiteElo "2483"]
[BlackElo "2293"]
[PlyCount "151"]
[EventDate "2013.04.21"]
[EventType "swiss"]
[EventRounds "10"]
[EventCountry "CUB"]
[SourceTitle "CBM 154 Extra"]
[Source "ChessBase"]
[SourceDate "2013.06.25"]
[SourceVersion "2"]
[SourceVersionDate "2013.06.25"]
[SourceQuality "1"]

1. e4 c5 2. Nf3 d6 3. d4 cxd4 4. Nxd4 Nf6 5. Nc3 a6 6. h3 g6 7. g4 Bg7 8. Bg2
O-O 9. Be3 Bd7 10. Qd2 Nc6 11. O-O Ne5 12. b3 Rc8 13. Nd5 Nc6 14. Ne2 Nxd5 15.
exd5 Nb8 16. Rac1 a5 17. c4 Na6 18. Nd4 Nc5 19. Rfe1 Re8 20. Rb1 Qc7 21. Rbd1
Ra8 22. Re2 Qb6 23. Rde1 Qb4 24. Qd1 Qb6 25. Nc2 Bf6 26. Qd2 Qd8 27. Nd4 Qb6
28. Nc2 Qd8 29. Bd4 b5 30. Bxc5 dxc5 31. g5 Bg7 32. d6 e6 33. Bxa8 Qxa8 34. Qe3
Rc8 35. Na3 Bd4 36. Qg3 b4 37. Nb5 Bxb5 38. cxb5 Qb7 39. h4 Qxb5 40. h5 gxh5
41. g6 hxg6 42. Rxe6 Qd7 43. Re7 Qf5 44. Kg2 Kg7 45. R1e4 Qd5 46. Qf3 Bf6 47.
Rd7 Rd8 48. Rxd8 Bxd8 49. Rf4 Qxf3+ 50. Rxf3 Kf8 51. Re3 f5 52. Re5 Kf7 53. f4
Bf6 54. d7 Be7 55. Kf3 Kf6 56. Ke2 h4 57. Re3 Kf7 58. Kd2 g5 59. fxg5 Bxg5 60.
Kd3 Be7 61. Kc4 f4 62. Rd3 Bd8 63. Kd5 Ke7 64. Kc6 Ke6 65. Kb7 Ke5 66. Kc8 Bf6
67. d8=Q Bxd8 68. Rxd8 f3 69. Rh8 c4 70. bxc4 Kd4 71. Rxh4+ Kc5 72. Rh5+ Kxc4
73. Rxa5 Kd3 74. Rf5 Ke2 75. Kb7 f2 76. Kb6 1-0

[Event "Capablanca Memorial op-A 48th"]
[Site "Havana"]
[Date "2013.04.22"]
[Round "2"]
[White "Diaz Murgada, Rider"]
[Black "Cuenca Jimenez, Jose Fernando"]
[Result "0-1"]
[WhiteElo "2349"]
[BlackElo "2483"]
[PlyCount "72"]
[EventDate "2013.04.21"]
[EventType "swiss"]
[EventRounds "10"]
[EventCountry "CUB"]
[SourceTitle "CBM 154 Extra"]
[Source "ChessBase"]
[SourceDate "2013.06.25"]
[SourceVersion "2"]
[SourceVersionDate "2013.06.25"]
[SourceQuality "1"]

1. d4 Nf6 2. c4 g6 3. g3 c5 4. d5 b5 5. cxb5 a6 6. bxa6 d6 7. Bg2 Bg7 8. Nc3
Bxa6 9. Nf3 Nfd7 10. Qc2 Nb6 11. h4 h6 12. Nh2 N8d7 13. h5 g5 14. Ng4 Nc4 15.
O-O Qa5 16. a3 Nde5 17. Nxe5 Bxe5 18. Ra2 O-O 19. Nd1 Qb6 20. f4 gxf4 21. gxf4
Bd4+ 22. Kh1 Kh8 23. e3 Bf6 24. Rg1 Rfb8 25. Qf5 Bc8 26. Qe4 Qb3 27. Ra1 Bd7
28. Bf3 Ra4 29. Qb1 Nxa3 30. Qa2 Nc4 31. Qxb3 Rxb3 32. Rxa4 Bxa4 33. Be4 Rb4
34. Nc3 Nxe3 35. Bd3 Bc2 36. Be2 Nxd5 0-1

[Event "Capablanca Memorial op-A 48th"]
[Site "Havana"]
[Date "2013.04.23"]
[Round "3"]
[White "Cuenca Jimenez, Jose Fernando"]
[Black "Gonzalez de la Torre, Santiago"]
[Result "0-1"]
[WhiteElo "2483"]
[BlackElo "2446"]
[PlyCount "98"]
[EventDate "2013.04.21"]
[EventType "swiss"]
[EventRounds "10"]
[EventCountry "CUB"]
[SourceTitle "CBM 154 Extra"]
[Source "ChessBase"]
[SourceDate "2013.06.25"]
[SourceVersion "2"]
[SourceVersionDate "2013.06.25"]
[SourceQuality "1"]

1. e4 e5 2. Nf3 Nc6 3. Bb5 a6 4. Bxc6 dxc6 5. O-O Bg4 6. h3 Bh5 7. d3 Bd6 8.
Nbd2 Ne7 9. c3 c5 10. Qb3 Nc6 11. a4 f6 12. a5 Qc8 13. Re1 Bf7 14. Nc4 O-O 15.
Be3 Rd8 16. Rad1 Bf8 17. Qa4 Qd7 18. b3 Na7 19. Qa2 Nb5 20. Qc2 Bh5 21. Kh2 Qe6
22. g4 Bf7 23. Rd2 Rd7 24. Ra1 h6 25. h4 Nd4 26. cxd4 cxd4 27. Bxh6 gxh6 28. h5
b5 29. axb6 cxb6 30. Rdd1 Rc7 31. Qe2 b5 32. Ncd2 Rc2 33. Qf1 Bb4 34. Qg2 Kh8
35. Nf1 Rg8 36. Kh1 Qxb3 37. N1h2 a5 38. Nh4 a4 39. Qf3 Qe6 40. Rab1 Bd2 41.
Rxb5 a3 42. Nf5 a2 43. Rb7 Rc1 44. Rxc1 Bxc1 45. Ra7 Qb6 46. Rxf7 a1=Q 47. Kg2
Bf4 48. Re7 Qbb1 49. Ng3 Qd1 0-1

[Event "Capablanca Memorial op-A 48th"]
[Site "Havana"]
[Date "2013.04.24"]
[Round "4"]
[White "Cuenca Jimenez, Jose Fernando"]
[Black "Romero Echeverria, Abigail"]
[Result "1-0"]
[WhiteElo "2483"]
[BlackElo "2112"]
[PlyCount "59"]
[EventDate "2013.04.21"]
[EventType "swiss"]
[EventRounds "10"]
[EventCountry "CUB"]
[SourceTitle "CBM 154 Extra"]
[Source "ChessBase"]
[SourceDate "2013.06.25"]
[SourceVersion "2"]
[SourceVersionDate "2013.06.25"]
[SourceQuality "1"]

1. e4 c5 2. Nf3 e6 3. g3 b6 4. Bg2 Bb7 5. Nc3 Nc6 6. O-O a6 7. a4 Qc7 8. Re1 d6
9. d4 cxd4 10. Nxd4 Nf6 11. Nxc6 Qxc6 12. Nd5 Be7 13. Ra3 exd5 14. exd5 Qd7 15.
Rae3 Ng8 16. Qd4 Kf8 17. Qxb6 g6 18. Bd2 Bf6 19. Rb3 Bc8 20. Bf4 Kg7 21. Bxd6
Qa7 22. Re8 Ne7 23. Rxh8 Qxb6 24. Rxb6 Kxh8 25. Bc5 Ng8 26. d6 Ra7 27. Rb8 Rd7
28. Rxc8 Kg7 29. Bc6 Rd8 30. d7 1-0

[Event "Capablanca Memorial op-A 48th"]
[Site "Havana"]
[Date "2013.04.25"]
[Round "5"]
[White "Miranda Mesa, Elier"]
[Black "Cuenca Jimenez, Jose Fernando"]
[Result "1/2-1/2"]
[WhiteElo "2411"]
[BlackElo "2483"]
[PlyCount "128"]
[EventDate "2013.04.21"]
[EventType "swiss"]
[EventRounds "10"]
[EventCountry "CUB"]
[SourceTitle "CBM 154 Extra"]
[Source "ChessBase"]
[SourceDate "2013.06.25"]
[SourceVersion "2"]
[SourceVersionDate "2013.06.25"]
[SourceQuality "1"]

1. e4 e5 2. Nf3 Nc6 3. Bb5 Nd4 4. Nxd4 exd4 5. O-O c6 6. Ba4 Nf6 7. d3 d6 8. c3
dxc3 9. Nxc3 Be7 10. d4 O-O 11. Bc2 b5 12. Re1 b4 13. Ne2 Nh5 14. Be3 g6 15.
Rc1 Bd7 16. Bb3 Bg5 17. Qd2 Bxe3 18. Qxe3 a5 19. Ba4 Rc8 20. e5 Re8 21. Nf4 Ng7
22. Qf3 Nf5 23. Red1 Qb6 24. Qd3 Rc7 25. exd6 Nxd6 26. h3 Bf5 27. Qf3 Be4 28.
Qg4 Bf5 29. Qg3 Ne4 30. Qf3 Ng5 31. Qb3 Rd8 32. Qc4 Ne6 33. Nxe6 Bxe6 34. Qc5
Qxc5 35. Rxc5 Rcd7 36. Rxa5 Rxd4 37. Rxd4 Rxd4 38. Bxc6 Rd1+ 39. Kh2 Rd2 40. b3
Rxf2 41. Ra4 Kg7 42. Rxb4 Rxa2 43. Rb7 Rc2 44. Bf3 h5 45. b4 g5 46. Rb5 Kh6 47.
Rb6 Kg7 48. Ba8 Rc3 49. Kg1 Rc8 50. Bc6 Rd8 51. Rb7 Bd5 52. Rd7 Rxd7 53. Bxd7
Kf6 54. Kf2 Ke5 55. b5 Kd6 56. Be8 h4 57. b6 Kc5 58. Bxf7 Bc6 59. Be8 Bb7 60.
Bh5 Kxb6 61. Bf3 Bc8 62. Ke3 Kc5 63. Ke4 Kd6 64. Kd4 Bd7 1/2-1/2

[Event "Capablanca Memorial op-A 48th"]
[Site "Havana"]
[Date "2013.04.27"]
[Round "6"]
[White "Leyva Rivera, Yunier"]
[Black "Cuenca Jimenez, Jose Fernando"]
[Result "1-0"]
[WhiteElo "2408"]
[BlackElo "2483"]
[PlyCount "79"]
[EventDate "2013.04.21"]
[EventType "swiss"]
[EventRounds "10"]
[EventCountry "CUB"]
[SourceTitle "CBM 154 Extra"]
[Source "ChessBase"]
[SourceDate "2013.06.25"]
[SourceVersion "2"]
[SourceVersionDate "2013.06.25"]
[SourceQuality "1"]

1. c4 Nf6 2. Nf3 g6 3. g3 Bg7 4. Bg2 O-O 5. O-O d6 6. Nc3 e5 7. d3 Re8 8. e4
Nc6 9. Rb1 a5 10. a3 h5 11. h3 Nh7 12. b4 axb4 13. axb4 Be6 14. Nd5 Nb8 15. d4
Nd7 16. Bb2 c6 17. Ne3 exd4 18. Nxd4 Ndf6 19. b5 Bd7 20. bxc6 bxc6 21. e5 dxe5
22. Nxc6 Qc8 23. Nxe5 Bxh3 24. Bxa8 Qxa8 25. Re1 Ng5 26. Nd5 Nxd5 27. cxd5 Bxe5
28. Rxe5 Rxe5 29. Bxe5 Bg4 30. Qa4 Nf3+ 31. Kh1 Qf8 32. Rb8 Nxe5 33. Rxf8+ Kxf8
34. Qb4+ Kg7 35. Qe7 Nd7 36. Kg2 Nf6 37. Qe5 Bf5 38. f3 Bd7 39. Kf2 Bf5 40. Ke3
1-0

[Event "Capablanca Memorial op-A 48th"]
[Site "Havana"]
[Date "2013.04.28"]
[Round "7"]
[White "Cuenca Jimenez, Jose Fernando"]
[Black "Hernandez Noa, Rodney"]
[Result "1-0"]
[WhiteElo "2483"]
[BlackElo "2310"]
[PlyCount "77"]
[EventDate "2013.04.21"]
[EventType "swiss"]
[EventRounds "10"]
[EventCountry "CUB"]
[SourceTitle "CBM 154 Extra"]
[Source "ChessBase"]
[SourceDate "2013.06.25"]
[SourceVersion "2"]
[SourceVersionDate "2013.06.25"]
[SourceQuality "1"]

1. e4 e5 2. Nf3 Nc6 3. Bb5 a6 4. Bxc6 dxc6 5. O-O Bg4 6. h3 h5 7. d3 Qf6 8.
Nbd2 Ne7 9. Re1 Ng6 10. d4 Nf4 11. hxg4 hxg4 12. g3 gxf3 13. Qxf3 Ne6 14. dxe5
Qxe5 15. Qf5 Qb5 16. a4 Qc5 17. Nf3 g6 18. Qxc5 Bxc5 19. Bd2 Rd8 20. Rad1 Ke7
21. Kg2 Rd7 22. Ne5 Rd6 23. Nd3 Bd4 24. f4 c5 25. f5 c4 26. Nb4 gxf5 27. exf5
a5 28. Na2 Bf6 29. fxe6 Rhd8 30. exf7+ Kxf7 31. Re2 Kg6 32. Nc3 Bxc3 33. bxc3
b5 34. axb5 a4 35. Kf3 a3 36. Rh2 a2 37. Rh6+ Kg7 38. Rxd6 Rxd6 39. Ke2 1-0

[Event "Capablanca Memorial op-A 48th"]
[Site "Havana"]
[Date "2013.04.29"]
[Round "8"]
[White "Gongora Reyes, Maikel"]
[Black "Cuenca Jimenez, Jose Fernando"]
[Result "1/2-1/2"]
[WhiteElo "2428"]
[BlackElo "2483"]
[PlyCount "71"]
[EventDate "2013.04.21"]
[EventType "swiss"]
[EventRounds "10"]
[EventCountry "CUB"]
[SourceTitle "CBM 154 Extra"]
[Source "ChessBase"]
[SourceDate "2013.06.25"]
[SourceVersion "2"]
[SourceVersionDate "2013.06.25"]
[SourceQuality "1"]

1. c4 Nf6 2. Nc3 e5 3. g3 c6 4. d4 exd4 5. Qxd4 d5 6. Bg2 Be6 7. cxd5 cxd5 8.
Nf3 Nc6 9. Qa4 Bc5 10. O-O O-O 11. Bg5 h6 12. Bxf6 Qxf6 13. e3 a6 14. Rfd1 Rfd8
15. Rd2 Rd7 16. Rc1 Rad8 17. Ne2 Ba7 18. Ned4 Ne7 19. Rdc2 Bg4 20. Rc7 Qd6 21.
Rxd7 Bxd7 22. Qb3 Rc8 23. Rxc8+ Bxc8 24. Qc3 Bd7 25. a3 Nc6 26. h3 Bb6 27. Bf1
Bd8 28. Nxc6 Qxc6 29. Qxc6 Bxc6 30. Nd4 Bd7 31. Bg2 Bc6 32. f4 Kf8 33. Kf2 g6
34. Ke2 Ke7 35. Kd3 Kd6 36. Nxc6 1/2-1/2

[Event "Capablanca Memorial op-A 48th"]
[Site "Havana"]
[Date "2013.04.30"]
[Round "9"]
[White "Cuenca Jimenez, Jose Fernando"]
[Black "Quesada Perez, Yasser"]
[Result "1/2-1/2"]
[WhiteElo "2483"]
[BlackElo "2433"]
[PlyCount "129"]
[EventDate "2013.04.21"]
[EventType "swiss"]
[EventRounds "10"]
[EventCountry "CUB"]
[SourceTitle "CBM 154 Extra"]
[Source "ChessBase"]
[SourceDate "2013.06.25"]
[SourceVersion "2"]
[SourceVersionDate "2013.06.25"]
[SourceQuality "1"]

1. e4 c5 2. Nf3 e6 3. g3 d5 4. exd5 exd5 5. Bg2 Qc7 6. Kf1 Nf6 7. d4 Qd8 8. Nc3
Be7 9. Be3 cxd4 10. Nxd4 O-O 11. Kg1 Nc6 12. h3 h6 13. Kh2 Ne5 14. b3 Qa5 15.
Nce2 Re8 16. Rf1 Bd7 17. Kg1 Rad8 18. a3 Bf8 19. Nf4 Bc8 20. Re1 a6 21. Nd3 Ng6
22. Qb1 Ne4 23. b4 Qc7 24. Qb3 Be7 25. Nf4 Nxf4 26. Bxf4 Bd6 27. Bxd6 Qxd6 28.
Rad1 Qf6 29. Qf3 Qg6 30. g4 h5 31. gxh5 Qh7 32. c4 Ng5 33. Qg3 Qxh5 34. h4 Ne4
35. Qf4 Qg6 36. f3 Nc3 37. Rxe8+ Rxe8 38. h5 Qxh5 39. Rc1 Ne2+ 40. Nxe2 Rxe2
41. Kf1 Re8 42. Re1 Rxe1+ 43. Kxe1 dxc4 44. Qxc4 Qe5+ 45. Kf2 Be6 46. Qd3 g6
47. Qe3 Qxe3+ 48. Kxe3 Bd5 49. Bf1 Kf8 50. f4 Ke7 51. Kd4 Kd6 52. Bd3 Bc6 53.
Bc2 b5 54. Bd3 Bd7 55. Be4 Bf5 56. Bb7 f6 57. Bxa6 Kc6 58. a4 bxa4 59. Kc3 a3
60. Kb3 Kd5 61. Kc3 Ke4 62. b5 Bd7 63. b6 Bc6 64. Bb5 Bb7 65. Be8 1/2-1/2

[Event "Capablanca Memorial op-A 48th"]
[Site "Havana"]
[Date "2013.05.01"]
[Round "10"]
[White "Cuenca Jimenez, Jose Fernando"]
[Black "Garcia Pantoja, Roberto"]
[Result "1-0"]
[WhiteElo "2483"]
[BlackElo "2425"]
[PlyCount "75"]
[EventDate "2013.04.21"]
[EventType "swiss"]
[EventRounds "10"]
[EventCountry "CUB"]
[SourceTitle "CBM 154 Extra"]
[Source "ChessBase"]
[SourceDate "2013.06.25"]
[SourceVersion "2"]
[SourceVersionDate "2013.06.25"]
[SourceQuality "1"]

1. e4 c5 2. Nf3 Nc6 3. d4 cxd4 4. Nxd4 Nf6 5. Nc3 e5 6. Ndb5 d6 7. Bg5 a6 8.
Na3 b5 9. Bxf6 gxf6 10. Nd5 Bg7 11. g3 f5 12. Bg2 O-O 13. exf5 e4 14. Bxe4 Re8
15. Qg4 h5 16. Qf4 Be5 17. Qf3 Bxb2 18. O-O Bxa3 19. f6 Rxe4 20. Qxe4 Be6 21.
Qe3 Bxd5 22. Qh6 Qf8 23. Qg5+ Kh7 24. Qxh5+ Kg8 25. Qxd5 Ne5 26. f4 Bc5+ 27.
Kg2 Ng6 28. Qg5 Be3 29. Rae1 Re8 30. h4 Bd2 31. Rxe8 Qxe8 32. h5 Qe4+ 33. Rf3
Be1 34. Qg4 Qxc2+ 35. Kh3 Bc3 36. Qc8+ Nf8 37. Rxc3 Qd1 38. Qxf8+ 1-0

[Event "Stuttgart-chA int"]
[Site "Ditzingen"]
[Date "2013.05.09"]
[Round "1"]
[White "Haeussler, Daniel"]
[Black "Cuenca Jimenez, Jose Fernando"]
[Result "0-1"]
[WhiteElo "1992"]
[BlackElo "2483"]
[PlyCount "54"]
[EventDate "2013.05.09"]
[EventType "swiss"]
[EventRounds "7"]
[EventCountry "GER"]
[SourceTitle "EXT 2014"]
[Source "ChessBase"]
[SourceDate "2013.11.20"]
[SourceVersion "1"]
[SourceVersionDate "2013.11.20"]
[SourceQuality "1"]

1. d4 Nf6 2. c4 g6 3. Nc3 Bg7 4. e4 d6 5. f4 c5 6. d5 O-O 7. Nf3 e6 8. Be2 exd5
9. cxd5 Bg4 10. O-O Nbd7 11. h3 Bxf3 12. Bxf3 a6 13. Be3 Re8 14. g4 h6 15. Qd2
b5 16. e5 dxe5 17. fxe5 Nxe5 18. Bxc5 b4 19. Na4 Nxf3+ 20. Rxf3 Ne4 21. Qxb4
Rb8 22. Qa3 Qxd5 23. Rd3 Qc6 24. Rc1 Nxc5 25. Rxc5 Re1+ 26. Kf2 Qh1 27. Rcd5
Rf1+ 0-1

[Event "Stuttgart-chA int"]
[Site "Ditzingen"]
[Date "2013.05.09"]
[Round "2"]
[White "Cuenca Jimenez, Jose Fernando"]
[Black "Bongartz, Philipp"]
[Result "1-0"]
[WhiteElo "2483"]
[BlackElo "2121"]
[PlyCount "79"]
[EventDate "2013.05.09"]
[EventType "swiss"]
[EventRounds "7"]
[EventCountry "GER"]
[SourceTitle "EXT 2014"]
[Source "ChessBase"]
[SourceDate "2013.11.20"]
[SourceVersion "1"]
[SourceVersionDate "2013.11.20"]
[SourceQuality "1"]

1. e4 c5 2. Nf3 Nf6 3. Nc3 d5 4. e5 Ne4 5. Bb5+ Nc6 6. O-O Bg4 7. h3 Bh5 8. e6
fxe6 9. g4 Bg6 10. d3 Nd6 11. Bxc6+ bxc6 12. Qe2 Qc8 13. Na4 Nb7 14. Bf4 Bf7
15. Qe3 h5 16. Ne5 hxg4 17. hxg4 g5 18. Bxg5 Bg7 19. Rae1 Bxe5 20. Qxe5 Kd7 21.
Bf4 Qd8 22. Kg2 Qa5 23. b3 Rag8 24. f3 Rh5 25. Qe3 Rf5 26. Bg3 Rfg5 27. c3 R5g6
28. Rh1 R6g7 29. Be5 Rg6 30. Rh7 Ke8 31. Qf4 Rf8 32. Bg7 Rg8 33. Qb8+ Nd8 34.
Be5 Kd7 35. d4 cxd4 36. Bxd4 Ke8 37. Bxa7 Qb5 38. Bb6 Rxg4+ 39. fxg4 Rxg4+ 40.
Kh1 1-0

[Event "Stuttgart-chA int"]
[Site "Ditzingen"]
[Date "2013.05.10"]
[Round "3"]
[White "Kabisch, Thilo"]
[Black "Cuenca Jimenez, Jose Fernando"]
[Result "0-1"]
[WhiteElo "2264"]
[BlackElo "2483"]
[PlyCount "116"]
[EventDate "2013.05.09"]
[EventType "swiss"]
[EventRounds "7"]
[EventCountry "GER"]
[SourceTitle "EXT 2014"]
[Source "ChessBase"]
[SourceDate "2013.11.20"]
[SourceVersion "1"]
[SourceVersionDate "2013.11.20"]
[SourceQuality "1"]

1. e4 e6 2. d4 d5 3. e5 c5 4. c3 Qb6 5. Nf3 Nc6 6. Be2 cxd4 7. cxd4 Nh6 8. b3
Nf5 9. Bb2 Bb4+ 10. Kf1 O-O 11. Nc3 Bxc3 12. Bxc3 f6 13. exf6 Rxf6 14. g3 Bd7
15. Kg2 Raf8 16. Rf1 Be8 17. h3 Nd6 18. Be1 Nf5 19. Bc3 Bg6 20. Rc1 Nd6 21. Nh2
Ne4 22. Ng4 R6f7 23. Be1 Qxd4 24. f3 Qxd1 25. Bxd1 Nd6 26. Be2 Nf5 27. Bf2 h5
28. Rxc6 bxc6 29. Ne5 Rf6 30. g4 Ne7 31. Bh4 Be8 32. Rc1 Ng6 33. Bxf6 Rxf6 34.
Nxc6 Nf4+ 35. Kf2 Nxh3+ 36. Ke3 Bxc6 37. Rxc6 h4 38. Bd3 e5 39. Rc8+ Rf8 40.
Bh7+ Kf7 41. Rc7+ Kf6 42. Rc6+ Ke7 43. Bf5 Nf4 44. Kf2 a5 45. Bc2 h3 46. Kg3
Ne2+ 47. Kxh3 Rxf3+ 48. Kg2 Rc3 49. Rxc3 Nxc3 50. a3 e4 51. b4 axb4 52. axb4 d4
53. Kf2 Kd6 54. g5 Ke5 55. Kg3 d3 56. Bb3 e3 57. Kf3 e2 58. Kf2 d2 0-1

[Event "Stuttgart-chA int"]
[Site "Ditzingen"]
[Date "2013.05.10"]
[Round "4"]
[White "Cuenca Jimenez, Jose Fernando"]
[Black "Aring, Gerd"]
[Result "1-0"]
[WhiteElo "2483"]
[BlackElo "2196"]
[Annotator "Gutman,L"]
[PlyCount "73"]
[EventDate "2013.05.09"]
[EventType "swiss"]
[EventRounds "7"]
[EventCountry "GER"]
[SourceTitle "EXT 2014"]
[Source "ChessBase"]
[SourceDate "2013.11.20"]
[SourceVersion "1"]
[SourceVersionDate "2013.11.20"]
[SourceQuality "1"]

{Europa Rochade 6/2013 Seite 14} 1. e4 c5 2. Nf3 Nc6 3. d4 cxd4 4. Nxd4 e5 5.
Nb5 a6 6. Nd6+ Bxd6 7. Qxd6 Qf6 8. Qc7 Nge7 9. Nc3 Nb4 10. Bd3 d5 11. O-O d4
12. Na4 Qc6 13. Qxc6+ Nexc6 14. Nb6 Rb8 15. Bd2 Be6 16. f4 {[#]} Nxd3 17. cxd3
f6 $2 ({Wissen ist Macht. Warum nicht} 17... f5 $1) 18. b4 Kd8 19. a4 Kc7 20.
a5 Rbe8 21. Rac1 $6 ({Etwas direkter erscheint} 21. Rfb1 Kb8 22. b5 {mit
Vorteil.}) 21... Kb8 22. Rc5 Ka7 23. b5 axb5 24. f5 Bb3 25. Rxb5 Bc2 26. Rf3
Re7 27. Rc5 $2 ({Viel stärker war} 27. Kf2 $5 Rc7 28. Ke2 Nb8 29. Rb2) 27...
Bd1 28. Rf2 Rd8 29. Be1 Bb3 30. Rb2 Bf7 31. Na4 Be8 32. Nb6 Kb8 33. Nd5 Rf7 34.
a6 Na7 $4 {Verliert sofort,} ({während nach} 34... Ka7 35. axb7 Rxb7 36. Ra2+
Kb8 37. Rc1 Rb3 {der schwarze Nachteil im Rahmen bliebe.}) 35. Ba5 Rc8 36. Bc7+
Rfxc7 37. Rxc7 1-0

[Event "Stuttgart-chA int"]
[Site "Ditzingen"]
[Date "2013.05.11"]
[Round "5"]
[White "Karpatchev, Aleksandr"]
[Black "Cuenca Jimenez, Jose Fernando"]
[Result "1/2-1/2"]
[WhiteElo "2488"]
[BlackElo "2483"]
[Annotator "Gutman,L"]
[PlyCount "59"]
[EventDate "2013.05.09"]
[EventType "swiss"]
[EventRounds "7"]
[EventCountry "GER"]
[SourceTitle "EXT 2014"]
[Source "ChessBase"]
[SourceDate "2013.11.20"]
[SourceVersion "1"]
[SourceVersionDate "2013.11.20"]
[SourceQuality "1"]

{Rochade Europa 6/2013 Seite 14} 1. e4 c5 2. Nf3 Nc6 3. c3 Nf6 4. e5 Nd5 5. Bc4
Nb6 6. Bb3 c4 7. Bc2 d6 8. exd6 Qxd6 9. O-O Bg4 10. Re1 O-O-O {[#]} 11. Qe2 Qf6
$6 ({Etwas präziser erscheint} 11... e6 12. b3 Qf4 {man sehe} 13. d4 ({oder} 
13. Be4 Bd6 14. d4 Bxf3 15. Bxf4 Bxe2 16. Bxd6 Bd3 17. Bg3 Bxe4 18. Rxe4 cxb3
19. axb3 Nd5) 13... cxd3 14. Bxd3 Bxf3 15. Bxf4 Bxe2 16. Bxe2 Nd5) 12. Be4 Kb8
13. b3 Ne5 14. bxc4 ({Oder} 14. Bxb7 Nd3 15. Be4 Rd6 16. Qd1 Re6 17. Bxd3 cxd3
18. Re3 Nd5 19. Rxd3 Qg6 {und Schwarz steht etwas besser.}) 14... Bxf3 15. gxf3
Nexc4 16. d3 Nd6 17. a4 e6 ({Möglich war} 17... e5 18. a5 Nd7 19. d4 exd4 20.
cxd4 Qxd4 21. Bb2 Qc4 22. Bd3 Qe6 23. Qd2 Qd5 {doch der Textzug ist vielleicht
sogar stärker.}) 18. a5 Nd5 19. a6 b6 20. Ra4 Nxc3 $2 {Zu riskant,} ({während
mir nach} 20... Nf5 $5 {die schwarze Stellung besser gefällt.}) 21. Nxc3 Qxc3
22. Bf4 e5 23. Bg3 Be7 24. f4 Qb3 25. fxe5 Qxa4 26. exd6 $2 {Unglaublich.} ({
Weiß übersieht} 26. Bg2 Ne4 27. Bxe4 {mit gewonnener Stellung.}) 26... Bxd6 27.
Bg2 Bxg3 28. Qf3 Bxf2+ 29. Kh1 Qd7 30. Qa8+ 1/2-1/2

[Event "Stuttgart-chA int"]
[Site "Ditzingen"]
[Date "2013.05.11"]
[Round "6"]
[White "Cuenca Jimenez, Jose Fernando"]
[Black "Ikonnikov, Vyacheslav"]
[Result "1/2-1/2"]
[WhiteElo "2483"]
[BlackElo "2533"]
[Annotator "Gutman,L"]
[PlyCount "41"]
[EventDate "2013.05.09"]
[EventType "swiss"]
[EventRounds "7"]
[EventCountry "GER"]
[SourceTitle "EXT 2014"]
[Source "ChessBase"]
[SourceDate "2013.11.20"]
[SourceVersion "1"]
[SourceVersionDate "2013.11.20"]
[SourceQuality "1"]

{Rochade Europa 6/2013 Seite 15} 1. e4 c5 2. Nf3 Nc6 3. d4 cxd4 4. Nxd4 e5 5.
Nb5 d6 6. N1c3 a6 7. Na3 Be7 8. Nc4 b5 9. Ne3 Nf6 10. g3 O-O 11. Bg2 b4 12.
Ncd5 Nxd5 13. Nxd5 Bg5 {[#]} 14. Bxg5 ({Wenig Sorgen hat Schwarz nach} 14. O-O
Bxc1 15. Qxc1 a5 {Zude,A-Ikonnikov,V/LGA Nürnberg 2012}) 14... Qxg5 15. a3 {
Das ist stärker} ({als} 15. O-O Rb8 16. Qd3 a5 {Nepomniachtchi,I-Ivanchuk,V/
Moskau 2011}) 15... bxa3 16. Rxa3 Rb8 17. Qd2 $5 {Eine neue Idee, die
Ikonnikov für lange Zeit beschäftigte.} ({Bekannt ist} 17. b3 Nd4 18. O-O Bb7 {
mit Ausgleich; Zarkovic,M-Voiska,M/Valjeo 2011}) 17... Qd8 $6 {Ein
Zugeständnis.} ({Richtig war} 17... Qxd2+ 18. Kxd2 Rxb2 19. Rc3 Bd7 20. Ra1 (
20. Rxc6 $2 Bxc6 21. Ne7+ Kh8 22. Nxc6 Rc8 23. Kc1 Rb7 $1 24. Na5 Rb5 $19)
20... Nd4 21. Rxa6 h5 22. Rxd6 Ba4 {mit gutem Gegenspiel.}) 18. O-O a5 19. b3 (
{Möglich war} 19. c3 Be6 20. Rd1 {mit etwas Plus.}) 19... Be6 20. Rd1 Nd4 21.
Ne3 {Weiß gab sich in etwas besserer Stellung mit remis zufrieden.} 1/2-1/2

[Event "Stuttgart-chA int"]
[Site "Ditzingen"]
[Date "2013.05.12"]
[Round "7"]
[White "Manakov, Ilya"]
[Black "Cuenca Jimenez, Jose Fernando"]
[Result "0-1"]
[WhiteElo "2350"]
[BlackElo "2483"]
[PlyCount "64"]
[EventDate "2013.05.09"]
[EventType "swiss"]
[EventRounds "7"]
[EventCountry "GER"]
[SourceTitle "EXT 2014"]
[Source "ChessBase"]
[SourceDate "2013.11.20"]
[SourceVersion "1"]
[SourceVersionDate "2013.11.20"]
[SourceQuality "1"]

1. d4 Nf6 2. c4 c5 3. d5 b5 4. cxb5 a6 5. bxa6 g6 6. Nc3 Bxa6 7. Nf3 d6 8. g3
Bg7 9. Bg2 Nfd7 10. Qc2 Nb6 11. h4 Bb7 12. Ng5 Na6 13. O-O Nb4 14. Qb3 O-O 15.
a3 Bxc3 16. Qxc3 N4xd5 17. Qd2 Qd7 18. e4 Nf6 19. f3 Qa4 20. Qc3 Qa5 21. Qe3
Nc4 22. Qf2 Qa4 23. Nh3 Ba6 24. Re1 Rfb8 25. h5 Ne5 26. hxg6 hxg6 27. Nf4 g5
28. Ne2 Nd3 29. Qe3 Nxe1 30. Qxg5+ Kf8 31. Nc3 Qc2 32. Bh1 Qd3 0-1